000 00421nam a22001817a 4500
003 MPLRDC
005 20220104153457.0
008 210129b ||||| |||| 00| 0 eng d
020 _a7-5013-1092-0
082 _a821 GXC
100 _a葛煦存原编
245 _a诗词趣话
_c
250 _a初版
260 _a
_b书目文献出版社
_c1995
300 _b
650 _a中国诗论
942 _cBK
_o821 GXC
999 _c53469
_d53459